[Event "Deutsche Ländermeisterschaft 2019"]
[Site "Würzburg GER"]
[Date "2019.10.06"]
[Round "7"]
[White "Müdder, Melanie"]
[Black "Costa, Leonardo"]
[Result "1/2-1/2"]
[Termination "unterminated"]
[Board "4.6"]
[WhiteElo "1964"]
[BlackElo "1959"]
[WhiteClock "00:01:33"]
[BlackClock "00:17:00"]
[WhiteTeam "Nordrhein-Westfalen"]
[BlackTeam "Bayern 1"]
[PlyCount "109"]
[WhiteFideId "12994103"]
[BlackFideId "16213955"]
[EventCountry "GER"]
[EventRounds "7"]
[EventType "team-swiss"]
[EventDate "2019.10.01"]

1. e4 {[%clk 1:30:59]} g6 {[%clk 1:30:56]} 2. d4 {[%clk 1:30:53]} Bg7 {[%clk
1:31:20]} 3. Be3 {[%clk 1:30:38]} d6 {[%clk 1:31:37]} 4. Nc3 {[%clk 1:30:37]}
a6 {[%clk 1:30:22]} 5. a4 {[%clk 1:30:23]} b6 {[%clk 1:29:45]} 6. Bc4 {[%clk
1:23:14]} e6 {[%clk 1:26:58]} 7. f4 {[%clk 1:21:09]} Bb7 {[%clk 1:23:23]} 8.
Qf3 {[%clk 1:14:50]} Nf6 {[%clk 1:19:38]} 9. Nh3 {[%clk 1:05:48]} Nbd7 {[%clk
1:10:09]} 10. Nf2 {[%clk 0:56:44]} c5 {[%clk 0:58:55]} 11. Rd1 {[%clk 0:48:11]}
Qc7 {[%clk 0:52:18]} 12. Qe2 {[%clk 0:45:00]} O-O {[%clk 0:43:22]} 13. O-O
{[%clk 0:41:17]} cxd4 {[%clk 0:37:48]} 14. Bxd4 {[%clk 0:38:58]} e5 {[%clk
0:37:07]} 15. fxe5 {[%clk 0:30:48]} dxe5 {[%clk 0:33:48]} 16. Be3 {[%clk
0:29:32]} Nc5 {[%clk 0:32:30]} 17. Bg5 {[%clk 0:21:03]} Rac8 {[%clk 0:27:51]}
18. Ba2 {[%clk 0:17:13]} Bc6 {[%clk 0:26:40]} 19. a5 {[%clk 0:12:30]} bxa5
{[%clk 0:25:52]} 20. Bxf6 {[%clk 0:09:15]} Bxf6 {[%clk 0:26:17]} 21. Bd5 {[%clk
0:09:17]} Bb5 {[%clk 0:22:33]} 22. Nxb5 {[%clk 0:09:25]} axb5 {[%clk 0:22:59]}
23. Ng4 {[%clk 0:07:41]} Bg7 {[%clk 0:22:04]} 24. Qxb5 {[%clk 0:06:34]} Rb8
{[%clk 0:22:14]} 25. Qc4 {[%clk 0:06:48]} Rb4 {[%clk 0:20:54]} 26. Qe2 {[%clk
0:03:59]} Rxb2 {[%clk 0:19:12]} 27. Rf2 {[%clk 0:02:36]} Nb7 {[%clk 0:17:41]}
28. Rdf1 {[%clk 0:02:04]} Nd6 {[%clk 0:17:21]} 29. Qd3 {[%clk 0:02:02]} Rbb8
{[%clk 0:15:28]} 30. Qg3 {[%clk 0:01:42]} Qa7 {[%clk 0:12:41]} 31. Kh1 {[%clk
0:01:51]} Qd4 {[%clk 0:11:56]} 32. c3 {[%clk 0:01:13]} Qc5 {[%clk 0:11:47]} 33.
h3 {[%clk 0:00:51]} Qc7 {[%clk 0:10:07]} 34. Nf6+ {[%clk 0:01:01]} Bxf6 {[%clk
0:10:12]} 35. Rxf6 {[%clk 0:01:28]} Qe7 {[%clk 0:02:48]} 36. Rxg6+ {[%clk
0:00:59]} Kh8 {[%clk 0:01:58]} 37. Rgf6 {[%clk 0:00:55]} Rg8 {[%clk 0:01:52]}
38. Qf2 {[%clk 0:00:40]} Rg7 {[%clk 0:01:37]} 39. Qc5 {[%clk 0:00:33]} Rd8
{[%clk 0:00:39]} 40. Qxa5 {[%clk 0:00:39]} Rdg8 {[%clk 0:00:41]} 41. R6f2
{[%clk 0:21:32]} Qh4 {[%clk 0:27:58]} 42. Qa6 {[%clk 0:08:15]} Nxe4 {[%clk
0:20:07]} 43. Bxe4 {[%clk 0:08:31]} Qxe4 {[%clk 0:20:33]} 44. Qf6 {[%clk
0:08:36]} Qd5 {[%clk 0:19:40]} 45. c4 {[%clk 0:06:14]} Qxc4 {[%clk 0:18:47]}
46. Qxe5 {[%clk 0:06:32]} Qc6 {[%clk 0:19:01]} 47. Rg1 {[%clk 0:05:15]} Qe6
{[%clk 0:17:52]} 48. Qxe6 {[%clk 0:03:26]} fxe6 {[%clk 0:18:17]} 49. Re1 {[%clk
0:03:24]} Rg6 {[%clk 0:18:33]} 50. Rfe2 {[%clk 0:03:13]} Re8 {[%clk 0:18:35]}
51. Re5 {[%clk 0:03:16]} Kg7 {[%clk 0:18:48]} 52. g4 {[%clk 0:02:58]} h6 {[%clk
0:18:44]} 53. Kg2 {[%clk 0:03:02]} Kf6 {[%clk 0:18:49]} 54. Kg3 {[%clk
0:02:45]} Rg5 {[%clk 0:17:00]} 55. R5e4 {[%clk 0:01:33]} 1/2-1/2

[Event "Deutsche Ländermeisterschaft 2019"]
[Site "Würzburg GER"]
[Date "2019.10.06"]
[Round "7"]
[White "Bardorz, Jana"]
[Black "Bungarten, Jona"]
[Result "1-0"]
[Termination "unterminated"]
[Board "4.7"]
[WhiteElo "1929"]
[BlackElo "1669"]
[WhiteClock "01:06:23"]
[BlackClock "01:10:15"]
[WhiteTeam "Bayern 1"]
[BlackTeam "Nordrhein-Westfalen"]
[PlyCount "33"]
[WhiteFideId "16208897"]
[BlackFideId "16223608"]
[EventCountry "GER"]
[EventRounds "7"]
[EventType "team-swiss"]
[EventDate "2019.10.01"]

1. e4 {[%clk 1:30:58]} e5 {[%clk 1:30:54]} 2. Nf3 {[%clk 1:31:24]} Nc6 {[%clk
1:31:18]} 3. Bb5 {[%clk 1:31:50]} Nge7 {[%clk 1:31:39]} 4. Nc3 {[%clk 1:32:10]}
g6 {[%clk 1:30:33]} 5. d4 {[%clk 1:32:25]} exd4 {[%clk 1:30:47]} 6. Nd5 {[%clk
1:32:38]} Bg7 {[%clk 1:31:05]} 7. Bg5 {[%clk 1:32:52]} h6 {[%clk 1:31:27]} 8.
Bf6 {[%clk 1:33:16]} Bxf6 {[%clk 1:31:52]} 9. Nxf6+ {[%clk 1:33:41]} Kf8 {[%clk
1:32:19]} 10. Qd2 {[%clk 1:30:58]} d6 {[%clk 1:26:48]} 11. O-O-O {[%clk
1:29:24]} Kg7 {[%clk 1:25:56]} 12. Nxd4 {[%clk 1:24:06]} Ne5 {[%clk 1:24:11]}
13. f4 {[%clk 1:14:44]} Kxf6 {[%clk 1:22:24]} 14. fxe5+ {[%clk 1:12:40]} dxe5
{[%clk 1:21:37]} 15. Qf2+ {[%clk 1:09:02]} Kg7 {[%clk 1:10:36]} 16. Nf5+ {[%clk
1:06:58]} Bxf5 {[%clk 1:10:15]} 17. Rxd8 {[%clk 1:06:23]} 1-0

[Event "Deutsche Ländermeisterschaft 2019"]
[Site "Würzburg GER"]
[Date "2019.10.06"]
[Round "7"]
[White "Färber, David"]
[Black "Hoffmann, Sebastian"]
[Result "1/2-1/2"]
[Termination "unterminated"]
[Board "5.1"]
[WhiteElo "2332"]
[BlackElo "2187"]
[WhiteClock "00:15:12"]
[BlackClock "00:11:34"]
[WhiteTeam "Baden 2"]
[BlackTeam "Bayern 2"]
[PlyCount "185"]
[WhiteFideId "12971294"]
[BlackFideId "12954535"]
[EventCountry "GER"]
[EventRounds "7"]
[EventType "team-swiss"]
[EventDate "2019.10.01"]

1. e4 {[%clk 1:30:50]} d5 {[%clk 1:30:54]} 2. exd5 {[%clk 1:31:11]} Qxd5 {[%clk
1:31:19]} 3. Nf3 Bg4 {[%clk 1:31:21]} 4. Nc3 {[%clk 1:31:56]} Qd8 {[%clk
1:31:33]} 5. Bc4 {[%clk 1:26:24]} e6 {[%clk 1:31:33]} 6. d3 {[%clk 1:23:17]}
Nf6 {[%clk 1:31:31]} 7. h3 {[%clk 1:23:30]} Bxf3 {[%clk 1:31:48]} 8. Qxf3
{[%clk 1:23:52]} c6 {[%clk 1:32:14]} 9. O-O {[%clk 1:04:10]} Bd6 {[%clk
1:28:57]} 10. Bg5 {[%clk 1:01:28]} Nbd7 {[%clk 1:28:07]} 11. Qe2 {[%clk
1:00:45]} O-O {[%clk 1:26:57]} 12. Rad1 {[%clk 0:58:09]} h6 {[%clk 1:22:20]}
13. Bc1 {[%clk 0:56:38]} Nb6 {[%clk 1:21:36]} 14. Bb3 {[%clk 0:56:38]} a5
{[%clk 1:21:54]} 15. a3 {[%clk 0:56:29]} Qc7 {[%clk 1:20:47]} 16. g3 {[%clk
0:54:07]} Nbd5 {[%clk 1:11:30]} 17. Ne4 {[%clk 0:51:36]} Be7 {[%clk 1:09:46]}
18. c3 {[%clk 0:47:55]} Rfe8 {[%clk 0:52:32]} 19. Bc2 {[%clk 0:40:27]} e5
{[%clk 0:51:02]} 20. Rfe1 {[%clk 0:37:38]} Nxe4 {[%clk 0:49:53]} 21. dxe4
{[%clk 0:34:05]} Nf6 {[%clk 0:47:47]} 22. Bb3 {[%clk 0:33:40]} Rad8 {[%clk
0:45:43]} 23. Qc4 {[%clk 0:32:45]} Bf8 {[%clk 0:45:07]} 24. a4 {[%clk 0:32:14]}
Re7 {[%clk 0:41:17]} 25. Rxd8 {[%clk 0:32:04]} Qxd8 {[%clk 0:41:45]} 26. Rd1
{[%clk 0:32:24]} Qc7 {[%clk 0:40:21]} 27. Kg2 {[%clk 0:29:50]} Rd7 {[%clk
0:39:25]} 28. Be3 {[%clk 0:29:12]} Rxd1 29. Bxd1 {[%clk 0:29:34]} Qd7 {[%clk
0:34:47]} 30. Bc2 {[%clk 0:26:59]} Bd6 {[%clk 0:31:33]} 31. Qb3 {[%clk
0:24:29]} Ne8 {[%clk 0:22:22]} 32. Qb6 {[%clk 0:22:59]} Qc7 {[%clk 0:21:14]}
33. Qa7 {[%clk 0:20:21]} c5 {[%clk 0:18:33]} 34. Qa8 {[%clk 0:18:28]} Kf8
{[%clk 0:17:29]} 35. b3 {[%clk 0:15:17]} b6 {[%clk 0:16:40]} 36. Qa6 {[%clk
0:05:11]} Nf6 {[%clk 0:14:22]} 37. Qe2 {[%clk 0:03:58]} Kg8 {[%clk 0:12:00]}
38. Bd3 {[%clk 0:03:27]} Kf8 {[%clk 0:11:06]} 39. Qf3 {[%clk 0:02:48]} Qe7
{[%clk 0:09:51]} 40. Bc4 {[%clk 0:01:17]} Qb7 {[%clk 0:09:06]} 41. Bd3 {[%clk
0:26:08]} Qe7 {[%clk 0:39:20]} 42. Qd1 {[%clk 0:26:15]} Qc7 {[%clk 0:38:44]}
43. f3 {[%clk 0:24:22]} Ke7 {[%clk 0:37:21]} 44. Bc4 {[%clk 0:24:45]} Qd7
{[%clk 0:34:14]} 45. Bb5 {[%clk 0:25:01]} Qc7 {[%clk 0:33:48]} 46. Kf2 {[%clk
0:25:08]} Qc8 {[%clk 0:32:24]} 47. Kg2 {[%clk 0:23:35]} Qc7 {[%clk 0:32:01]}
48. Bf1 {[%clk 0:23:41]} Qc6 {[%clk 0:25:59]} 49. Qd3 {[%clk 0:22:28]} Qb7
{[%clk 0:25:24]} 50. Kf2 {[%clk 0:22:23]} Qc6 {[%clk 0:25:06]} 51. Qa6 {[%clk
0:22:43]} Qc7 {[%clk 0:25:12]} 52. Bb5 {[%clk 0:19:22]} Qb8 {[%clk 0:25:06]}
53. Ke2 {[%clk 0:17:40]} Nh5 {[%clk 0:24:22]} 54. Bf2 {[%clk 0:17:10]} Nf6
{[%clk 0:24:45]} 55. Kd3 {[%clk 0:16:28]} Bc7 {[%clk 0:23:39]} 56. Ke2 {[%clk
0:16:05]} Ne8 {[%clk 0:23:12]} 57. Bxe8 {[%clk 0:15:31]} Qxe8 {[%clk 0:22:37]}
58. Qd3 {[%clk 0:12:01]} Qd7 {[%clk 0:22:47]} 59. g4 {[%clk 0:12:18]} Qxd3+
{[%clk 0:22:34]} 60. Kxd3 {[%clk 0:12:46]} Kd6 {[%clk 0:22:37]} 61. Kc4 {[%clk
0:13:03]} Kc6 {[%clk 0:22:58]} 62. h4 {[%clk 0:08:06]} g5 {[%clk 0:22:17]} 63.
b4 {[%clk 0:07:53]} cxb4 {[%clk 0:20:17]} 64. cxb4 {[%clk 0:08:17]} axb4 {[%clk
0:20:34]} 65. Kxb4 {[%clk 0:08:41]} Bd8 {[%clk 0:20:39]} 66. h5 {[%clk
0:08:38]} Be7+ {[%clk 0:17:02]} 67. Kc4 {[%clk 0:09:03]} Bf8 {[%clk 0:15:47]}
68. Be1 {[%clk 0:09:20]} Be7 {[%clk 0:15:19]} 69. Bc3 {[%clk 0:09:44]} Bd6
{[%clk 0:14:07]} 70. Bb2 {[%clk 0:10:09]} Bc7 {[%clk 0:13:07]} 71. Ba1 {[%clk
0:09:26]} Bd6 {[%clk 0:13:02]} 72. Bc3 {[%clk 0:09:52]} Bc7 {[%clk 0:13:03]}
73. Bd2 {[%clk 0:10:10]} Bd6 {[%clk 0:12:00]} 74. Be3 {[%clk 0:10:29]} Be7
{[%clk 0:11:59]} 75. Bd2 {[%clk 0:08:59]} Bd6 {[%clk 0:11:26]} 76. Bc1 {[%clk
0:09:16]} Be7 {[%clk 0:10:50]} 77. Bb2 {[%clk 0:09:10]} Bd6 {[%clk 0:11:05]}
78. Ba1 {[%clk 0:08:53]} Bc7 {[%clk 0:11:05]} 79. Bc3 {[%clk 0:09:18]} Bd6
{[%clk 0:10:32]} 80. Bb2 {[%clk 0:11:42]} Bc7 {[%clk 0:10:23]} 81. Ba3 {[%clk
0:14:06]} Bd6 {[%clk 0:10:47]} 82. Bb4 {[%clk 0:14:12]} Bxb4 {[%clk 0:10:42]}
83. Kxb4 {[%clk 0:14:39]} Kc7 {[%clk 0:10:26]} 84. Kb3 {[%clk 0:13:10]} Kb7
{[%clk 0:10:39]} 85. Kc3 {[%clk 0:13:26]} Kc7 {[%clk 0:10:48]} 86. Kb4 {[%clk
0:13:40]} Kd6 {[%clk 0:10:37]} 87. Kb5 {[%clk 0:13:12]} Kc7 {[%clk 0:10:57]}
88. a5 {[%clk 0:13:12]} bxa5 {[%clk 0:10:44]} 89. Kxa5 {[%clk 0:13:38]} Kc6
{[%clk 0:10:59]} 90. Kb4 {[%clk 0:13:57]} Kb6 {[%clk 0:11:15]} 91. Kc4 {[%clk
0:14:22]} Kc6 {[%clk 0:11:31]} 92. Kb4 {[%clk 0:14:47]} Kb6 {[%clk 0:11:34]}
93. Kc4 {[%clk 0:15:12]} 1/2-1/2

[Event "Deutsche Ländermeisterschaft 2019"]
[Site "Würzburg GER"]
[Date "2019.10.06"]
[Round "7"]
[White "Wu, Leon"]
[Black "Lohr, Maximilian"]
[Result "1-0"]
[Termination "unterminated"]
[Board "5.3"]
[WhiteElo "2009"]
[BlackElo "1996"]
[WhiteClock "00:08:30"]
[BlackClock "00:00:34"]
[WhiteTeam "Baden 2"]
[BlackTeam "Bayern 2"]
[PlyCount "76"]
[WhiteFideId "12977438"]
[BlackFideId "12999717"]
[EventCountry "GER"]
[EventRounds "7"]
[EventType "team-swiss"]
[EventDate "2019.10.01"]

1. e4 {[%clk 1:30:57]} e5 {[%clk 1:30:41]} 2. Nf3 {[%clk 1:31:01]} Nc6 {[%clk
1:31:07]} 3. Bb5 {[%clk 1:31:24]} a6 {[%clk 1:31:33]} 4. Ba4 {[%clk 1:31:51]}
d6 {[%clk 1:31:59]} 5. c3 {[%clk 1:32:04]} g6 {[%clk 1:31:55]} 6. d4 {[%clk
1:32:21]} Bd7 {[%clk 1:32:15]} 7. O-O {[%clk 1:32:31]} Bg7 {[%clk 1:31:33]} 8.
Be3 {[%clk 1:31:35]} Nf6 {[%clk 1:31:08]} 9. Bc2 {[%clk 1:27:33]} O-O {[%clk
1:30:55]} 10. h3 {[%clk 1:26:45]} Nh5 {[%clk 1:16:49]} 11. Qd2 {[%clk 1:17:45]}
f5 {[%clk 1:01:56]} 12. dxe5 {[%clk 1:11:14]} f4 {[%clk 0:36:03]} 13. Bd4
{[%clk 1:08:29]} dxe5 {[%clk 0:27:07]} 14. Bb3+ {[%clk 1:03:37]} Kh8 {[%clk
0:27:13]} 15. Bc5 {[%clk 1:03:53]} Qc8 {[%clk 0:21:14]} 16. Bxf8 {[%clk
1:01:30]} Bxf8 {[%clk 0:21:39]} 17. Qd5 {[%clk 1:00:20]} Nf6 {[%clk 0:17:07]}
18. Qd3 {[%clk 0:44:18]} Bxh3 {[%clk 0:05:38]} 19. gxh3 {[%clk 0:36:23]} Qxh3
{[%clk 0:06:02]} 20. Ne1 {[%clk 0:36:40]} Qg4+ {[%clk 0:02:41]} 21. Kh2 {[%clk
0:36:32]} Rd8 {[%clk 0:01:35]} 22. Qf3 {[%clk 0:34:13]} Qc8 {[%clk 0:00:32]}
23. Ng2 {[%clk 0:33:23]} g5 {[%clk 0:00:52]} 24. Rd1 {[%clk 0:32:12]} g4 {[%clk
0:00:42]} 25. Rxd8 {[%clk 0:32:17]} Qxd8 {[%clk 0:01:06]} 26. Qd1 {[%clk
0:31:37]} Qe8 {[%clk 0:00:32]} 27. Kg1 {[%clk 0:23:42]} Bc5 {[%clk 0:00:57]}
28. Nd2 {[%clk 0:22:57]} Qh5 {[%clk 0:00:32]} 29. Be6 {[%clk 0:15:49]} f3
{[%clk 0:00:32]} 30. Ne3 {[%clk 0:14:55]} g3 {[%clk 0:00:31]} 31. Qxf3 {[%clk
0:14:52]} gxf2+ {[%clk 0:00:32]} 32. Kxf2 {[%clk 0:14:49]} Qh2+ {[%clk
0:00:58]} 33. Kf1 {[%clk 0:12:32]} Nh5 {[%clk 0:01:01]} 34. Ke1 {[%clk
0:10:43]} Qg1+ {[%clk 0:01:27]} 35. Nef1 {[%clk 0:10:33]} Nf4 {[%clk 0:01:05]}
36. Bf5 {[%clk 0:08:59]} Be3 {[%clk 0:00:41]} 37. Kd1 {[%clk 0:08:13]} Bxd2
{[%clk 0:00:34]} 38. Kxd2 {[%clk 0:08:30]} Na5 1-0

[Event "Deutsche Ländermeisterschaft 2019"]
[Site "Würzburg GER"]
[Date "2019.10.06"]
[Round "7"]
[White "Danninger, Jannik"]
[Black "Hecht, Jonas Christian"]
[Result "1-0"]
[Termination "unterminated"]
[Board "5.4"]
[WhiteElo "1990"]
[BlackElo "1775"]
[WhiteClock "01:01:56"]
[BlackClock "00:29:00"]
[WhiteTeam "Bayern 2"]
[BlackTeam "Baden 2"]
[PlyCount "85"]
[WhiteFideId "16226402"]
[BlackFideId "16214846"]
[EventCountry "GER"]
[EventRounds "7"]
[EventType "team-swiss"]
[EventDate "2019.10.01"]

1. e4 {[%clk 1:30:58]} e5 {[%clk 1:30:53]} 2. Nf3 {[%clk 1:31:23]} Nc6 {[%clk
1:31:18]} 3. d4 {[%clk 1:31:40]} exd4 {[%clk 1:31:43]} 4. Nxd4 {[%clk 1:32:02]}
Nf6 {[%clk 1:32:08]} 5. Nc3 {[%clk 1:32:21]} Bb4 {[%clk 1:32:04]} 6. Nxc6
{[%clk 1:32:43]} bxc6 {[%clk 1:32:29]} 7. Bd3 {[%clk 1:33:06]} d5 {[%clk
1:26:39]} 8. exd5 {[%clk 1:33:30]} cxd5 {[%clk 1:27:03]} 9. O-O {[%clk
1:33:53]} O-O {[%clk 1:27:26]} 10. h3 {[%clk 1:34:15]} h6 {[%clk 1:27:30]} 11.
Qf3 {[%clk 1:33:47]} c6 {[%clk 1:26:28]} 12. Ne2 {[%clk 1:31:33]} Re8 {[%clk
1:17:55]} 13. Nd4 {[%clk 1:30:59]} Bd7 {[%clk 1:14:48]} 14. Bf4 {[%clk
1:30:03]} Ne4 {[%clk 1:14:19]} 15. c3 {[%clk 1:28:09]} Bd6 {[%clk 1:11:55]} 16.
Rae1 {[%clk 1:25:05]} Bxf4 {[%clk 1:11:05]} 17. Qxf4 {[%clk 1:24:46]} Qf6
{[%clk 1:08:47]} 18. Qxf6 {[%clk 1:23:35]} Nxf6 {[%clk 1:07:34]} 19. c4 {[%clk
1:23:18]} c5 {[%clk 1:03:57]} 20. Nb3 {[%clk 1:22:55]} Rac8 {[%clk 1:03:44]}
21. Rxe8+ {[%clk 1:22:39]} Nxe8 {[%clk 0:59:49]} 22. Re1 {[%clk 1:21:33]} Kf8
{[%clk 0:38:04]} 23. Re5 {[%clk 1:17:34]} Nf6 {[%clk 0:37:40]} 24. Nd2 {[%clk
1:15:39]} Be6 {[%clk 0:37:24]} 25. Bf5 {[%clk 1:13:20]} Bxf5 {[%clk 0:34:31]}
26. Rxf5 {[%clk 1:13:38]} Ke7 {[%clk 0:33:22]} 27. b3 {[%clk 1:11:04]} Ke6
{[%clk 0:32:59]} 28. g4 {[%clk 1:09:32]} d4 {[%clk 0:32:57]} 29. f4 {[%clk
1:08:20]} g6 {[%clk 0:30:31]} 30. Re5+ {[%clk 1:08:18]} Kd6 {[%clk 0:30:51]}
31. Kg2 {[%clk 1:07:01]} Rc7 {[%clk 0:30:34]} 32. Kf3 {[%clk 1:06:18]} Re7
{[%clk 0:30:08]} 33. Ne4+ {[%clk 1:05:02]} Nxe4 {[%clk 0:30:27]} 34. Kxe4
{[%clk 1:05:04]} Rxe5+ {[%clk 0:30:44]} 35. fxe5+ {[%clk 1:05:25]} Ke6 {[%clk
0:31:10]} 36. b4 {[%clk 1:04:29]} cxb4 {[%clk 0:30:57]} 37. Kxd4 {[%clk
1:04:50]} a5 {[%clk 0:31:10]} 38. c5 {[%clk 1:04:00]} a4 {[%clk 0:31:10]} 39.
c6 {[%clk 1:02:24]} Ke7 {[%clk 0:28:19]} 40. Kc4 {[%clk 1:02:27]} Kd8 {[%clk
0:28:37]} 41. Kxb4 {[%clk 1:02:41]} Kc7 {[%clk 0:28:49]} 42. Kc5 {[%clk
1:01:57]} a3 {[%clk 0:29:00]} 43. Kb5 {[%clk 1:01:56]} 1-0

[Event "Deutsche Ländermeisterschaft 2019"]
[Site "Würzburg GER"]
[Date "2019.10.06"]
[Round "7"]
[White "Amato, Cristiano"]
[Black "Khamenya, Vitalia"]
[Result "0-1"]
[Termination "unterminated"]
[Board "5.5"]
[WhiteElo "1746"]
[BlackElo "1908"]
[WhiteClock "01:24:29"]
[BlackClock "00:49:51"]
[WhiteTeam "Baden 2"]
[BlackTeam "Bayern 2"]
[PlyCount "80"]
[WhiteFideId "12998460"]
[BlackFideId "12959260"]
[EventCountry "GER"]
[EventRounds "7"]
[EventType "team-swiss"]
[EventDate "2019.10.01"]

1. e4 {[%clk 1:30:57]} e5 {[%clk 1:30:51]} 2. Nf3 {[%clk 1:31:24]} Nc6 {[%clk
1:31:15]} 3. Bb5 {[%clk 1:31:50]} a6 {[%clk 1:31:38]} 4. Ba4 {[%clk 1:32:14]}
d6 {[%clk 1:31:49]} 5. d4 {[%clk 1:31:55]} b5 {[%clk 1:31:58]} 6. Bb3 {[%clk
1:32:06]} Nxd4 {[%clk 1:32:16]} 7. Nxd4 {[%clk 1:32:12]} exd4 {[%clk 1:32:40]}
8. Qxd4 {[%clk 1:32:32]} c5 {[%clk 1:32:58]} 9. Qd5 {[%clk 1:32:13]} Be6 {[%clk
1:33:24]} 10. Qc6+ {[%clk 1:32:15]} Bd7 {[%clk 1:33:48]} 11. Qd5 {[%clk
1:31:48]} c4 {[%clk 1:34:03]} 12. Bxc4 {[%clk 1:32:05]} bxc4 {[%clk 1:34:32]}
13. Qxc4 {[%clk 1:32:20]} Nf6 {[%clk 1:34:19]} 14. Nc3 {[%clk 1:32:27]} Be7
{[%clk 1:34:10]} 15. Bf4 {[%clk 1:31:13]} O-O {[%clk 1:32:02]} 16. Rd1 {[%clk
1:30:36]} Be6 {[%clk 1:31:04]} 17. Qd3 {[%clk 1:30:43]} Qb6 {[%clk 1:30:25]}
18. b3 {[%clk 1:30:07]} Rfd8 {[%clk 1:29:20]} 19. Bg5 {[%clk 1:28:42]} Ng4
{[%clk 1:24:20]} 20. Be3 {[%clk 1:28:29]} Nxe3 {[%clk 1:24:03]} 21. Qxe3 {[%clk
1:28:22]} Qxe3+ {[%clk 1:23:10]} 22. fxe3 {[%clk 1:28:37]} Rac8 {[%clk
1:20:38]} 23. Kd2 {[%clk 1:27:42]} d5 {[%clk 1:18:15]} 24. exd5 {[%clk
1:27:43]} Bb4 {[%clk 1:18:25]} 25. Kc1 {[%clk 1:27:19]} Bg4 {[%clk 1:18:42]}
26. Rd4 {[%clk 1:27:28]} Bxc3 {[%clk 1:17:09]} 27. Rxg4 {[%clk 1:27:52]} Rxd5
{[%clk 1:17:31]} 28. Rd1 {[%clk 1:27:18]} Bb2+ {[%clk 1:16:44]} 29. Kxb2 {[%clk
1:26:29]} Rxd1 {[%clk 1:17:12]} 30. Rd4 {[%clk 1:26:25]} Rxd4 {[%clk 1:17:13]}
31. exd4 {[%clk 1:26:47]} Kf8 {[%clk 1:17:38]} 32. c4 {[%clk 1:27:07]} f5
{[%clk 1:13:26]} 33. Kc3 {[%clk 1:26:57]} g5 {[%clk 1:13:42]} 34. Kd3 {[%clk
1:27:22]} Re8 {[%clk 1:07:40]} 35. d5 {[%clk 1:26:59]} f4 {[%clk 1:00:21]} 36.
d6 {[%clk 1:27:01]} g4 {[%clk 0:52:45]} 37. c5 {[%clk 1:24:49]} f3 {[%clk
0:50:18]} 38. gxf3 {[%clk 1:25:04]} gxf3 {[%clk 0:49:36]} 39. d7 {[%clk
1:24:48]} Rd8 {[%clk 0:49:51]} 40. Ke3 {[%clk 1:24:29]} Rxd7 {[%clk 0:49:51]}
0-1